000 00624pam a2200229 a 4500
001 3839737
003 OSt
005 20250901165802.0
008 870417r1987 nyu 000 1 eng
010 _a 87008810
020 _a0805002715
040 _aDLC
_cDLC
_dDLC
050 0 0 _aPS 3558 .I356 O6 1987
_bO6 1987
082 0 0 _a813/.54
_219
100 1 _aHiggins, George V.,
_d1939-
245 1 0 _aOutlaws :
_ba novel /
_cGeorge V. Higgins.
250 _a1st American ed.
260 _aNew York :
_bH. Holt,
_cc1987.
300 _a359 p. ;
_c24 cm.
906 _a7
_bcbc
_corignew
_d1
_eocip
_f19
_gy-gencatlg
942 _2lcc
_cBK
999 _c9224
_d9224